=LDR 00000nam 2200000 4500 =001 INLIS000000000057012 =005 20201125111914 =035 ##$$a 0010-1120000083 =007 ta =008 201125################g##########0#ind## =082 ##$$a 328.347 =084 ##$$a 328.347 IND a =100 #$$a Indonesia =245 1#$$a Anggota DPR RI tahun 2009 - 2014 /$c DPR RI =260 ##$$a Jakarta :$b Depkominfo RI,$c 2009 =300 ##$$a v,164 hlm. : $b Ilus ; $c 15x21 cm. =600 #4$$a Anggota DPR =990 ##$$a 31011618 =990 ##$$a 31011617